ბათუმის შოთა რუსთაველის სახელმწიფო უნივერსიტეტის ბიბლიოთეკა

ქალაქს არასოდეს არ სძინავს : (ბიბ.ჩანაწერი № 40126)

000 -ლიდერი
ფიქსირებული სიგრძის საკონტროლო ველი 00903nam a2200217Ia 4500
001 - საკონტროლო ნომერი
საკონტროლო ველი 6732
003 - საკონტროლო ნომრის იდენტიფიკატორი
საკონტროლო ველი GE_BSU
005 - ბოლო ოპერაციის თარიღი და დრო
საკონტროლო ველი 20191210151417.0
008 - ფიქსირებული სიგრძის მონაცემთა ელემენტები - ზოგადი ინფორმაცია
ფიქსირებული სიგრძის საკონტროლო ველი 181216s1969||||ge |||||||||||||| ||geo||
040 ## - კატალოგიზაციის წყარო
Transcribing agency GE_BSU
041 ## - ენის კოდი
Language code of text/sound track or separate title geo
080 ## - უნივერსალური ათობითი კლასიფიკაციის ინდექსი
Universal Decimal Classification number 821.353.1-31 გ-30
100 ## - მთავარი ჩანაწერი - პიროვნების სახელი
Personal name გელაშვილი, გიორგი.
9 (RLIN) 5742
245 ## - ცნობა სათაურის შესახებ
Title ქალაქს არასოდეს არ სძინავს :
Remainder of title რომანი /
Statement of responsibility, etc გიორგი გელაშვილი ; რედ. ნ. კანდელაკი.
264 ## - წარმოების, გამოცემის, დისტრიბუციის და სხვა ცნობები
გამოცემის, წარმოების, დისტრიბუციის... ადგილი თბილისი :
გამოცემის, წარმოების, დისტრიბუციის... სახელწოდება საბჭ.საქართველო,
გამოცემის, წარმოების, დისტრიბუციის... თარიღი 1969.
300 ## - ფიზიკური აღწერა
Extent 240 გვ. ;
Dimensions 20 სმ.
653 ## - INDEX TERM--UNCONTROLLED
Uncontrolled term რომანი
653 ## - INDEX TERM--UNCONTROLLED
Uncontrolled term ქალაქს არასოდეს არ სძინავს
700 ## - ADDED ENTRY--PERSONAL NAME
Personal name კანდელაკი, ნ.
Relator term რედაქტორი
9 (RLIN) 5757
942 ## - ADDED ENTRY ELEMENTS (KOHA)
Koha item type წიგნი
Source of classification or shelving scheme
ეგზემპლარები
ჩამოწერის სტატუსი დაკარგული ეგზემპლარის სტატუსი კლასიფიკაციის წყარო ან თაროზე გაწყობის სქემა დაზიანების სტატუსი არ გაიცემა მუდმივი მდებარეობა (დაცვის ადგილი) ამჟამინდელი ადგილსამყოფელი თაროზე განთავსების ადგილი შეძენის თარიღი ღირებულება, შესყიდვის ნორმალური ფასი სრული შენახვის შიფრი შტრიხკოდი ბოლო ოპერაციის თარიღი ეგზემპლარის მიმდევრობითი ნომერი (კეტერი?) ფასის ძალაში შესვლის თარიღი ეგზემპლარის სახეობა საჯარო შენიშვნა
          ბათუმის შოთა რუსთაველის სახელმწიფო უნივერსიტეტის მთავარი ბიბლიოთეკა ბათუმის შოთა რუსთაველის სახელმწიფო უნივერსიტეტის მთავარი ბიბლიოთეკა წიგნსაცავი 2018-12-17 0.70 821.353.1-31 გ-30 14473 2018-12-17 14473 2018-12-17 წიგნი 0.70 ლ.